[Event "29th ch-BAN"]
[Site "Dhaka BAN"]
[Date "2003.04.02"]
[Round "7"]
[White "Rahman,SM"]
[Black "Alam,MdM"]
[Result "1-0"]
[WhiteElo "2182"]
[BlackElo "2133"]
[EventDate "2003.03.28"]

1. e4 e6 2. d4 d5 3. Nc3 Bb4 4. e5 c5 5. a3 Bxc3+ 6. bxc3 Qc7 7. Nf3 Ne7 8.
Bd3 Nbc6 9. O-O Bd7 10. Re1 h6 11. a4 Na5 12. Ba3 b6 13. Bb5 Bxb5 14. axb5
Nc4 15. Bc1 Qd7 16. Rb1 Rc8 17. Qd3 O-O 18. Nd2 cxd4 19. cxd4 Nf5 20. g4
Nh4 21. f4 f5 22. Nxc4 Rxc4 23. Qg3 Qd8 24. c3 fxg4 25. Qxg4 Nf5 26. Bd2
Qd7 27. Kh1 Kh8 28. Rg1 Rfc8 29. Rb2 Ra4 30. Qg6 Qe8 31. Qg4 Qe7 32. Qg6
Ra5 33. c4 Nh4 34. Qg4 dxc4 35. Bxa5 Qb7+ 36. Rgg2 Nxg2 37. Qxg2 Qxg2+ 38.
Kxg2 bxa5 39. Kf3 Kh7 40. Ke4 Kg6 41. Rg2+ Kf7 42. d5 exd5+ 43. Kxd5 a4 44.
Kd4 Rc7 45. f5 a3 46. Kc3 Rc5 47. Re2 Rxb5 48. Kxc4 Rb2 49. Re3 Rxh2 50.
Rxa3 Rc2+ 51. Kd5 Rc7 52. Kd6 Rb7 53. e6+ Ke8 54. Rg3 Kf8 55. Rc3 Rb8 56.
Rc7 Ra8 57. Rf7+ Kg8 58. f6 gxf6 59. Rxf6 Kg7 60. Rf7+ Kg6 61. Rf2 h5 62.
e7 Kg7 63. Ke6 a5 64. Rg2+ Kh6 65. Kf6 h4 66. Rg6+ Kh5 67. Rg5+ Kh6 68.
Rxa5 Rg8 69. Kf7 Rb8 70. e8=Q 1-0

[Event "29th ch-BAN"]
[Site "Dhaka BAN"]
[Date "2003.04.02"]
[Round "7"]
[White "Murshed,N"]
[Black "Hossain,P"]
[Result "1-0"]
[WhiteElo "2435"]
[BlackElo "2217"]
[EventDate "2003.03.28"]

1. Nf3 f5 2. g3 Nf6 3. Bg2 g6 4. b3 Bg7 5. Bb2 d6 6. d4 O-O 7. O-O Qe8 8.
Qd3 c6 9. Nbd2 Nbd7 10. e4 e5 11. dxe5 Nxe5 12. Nxe5 dxe5 13. exf5 gxf5 14.
Qc4+ Be6 15. Qb4 e4 16. Qxb7 a5 17. Rfb1 Rf7 18. Qb6 Nd5 19. Qc5 Bf8 20.
Qc4 Nb4 21. Qe2 Nxc2 22. Nxe4 Nxa1 23. Nf6+ Rxf6 24. Bxf6 Nxb3 25. axb3 Qf7
26. Bc3 Bd5 27. Bxd5 cxd5 28. Rd1 d4 29. Bxd4 Qxb3 30. Rc1 Qd5 31. Qe3 Qf7
32. Qf4 Re8 33. Rc7 Re1+ 34. Kg2 Qd5+ 35. Kh3 Re6 36. f3 Rh6+ 37. Kg2 Qa2+
38. Kf1 Qb1+ 39. Rc1 Qd3+ 40. Kg1 Rd6 41. Be5 Re6 42. Bc3 Bc5+ 43. Kh1 Be3
44. Qb8+ Kf7 45. Qb7+ Re7 46. Qb3+ Ke8 47. Rd1 Bd2 48. Qg8+ Kd7 49. Rxd2
Re1+ 50. Kg2 Re2+ 51. Rxe2 Qxe2+ 52. Kh3 Qxf3 53. Qxh7+ Ke6 54. Qg8+ Kd6
55. Qc4 a4 56. Qf4+ 1-0

[Event "29th ch-BAN"]
[Site "Dhaka BAN"]
[Date "2003.04.02"]
[Round "7"]
[White "Islam,Kh"]
[Black "Mohammad,J"]
[Result "0-1"]
[WhiteElo "2271"]
[BlackElo "2100"]
[EventDate "2003.03.28"]

1. d4 d5 2. c4 c6 3. Nc3 dxc4 4. e4 b5 5. a4 b4 6. Na2 e6 7. Bxc4 Nf6 8. f3
Be7 9. Be3 a5 10. Nc1 Nbd7 11. Nb3 O-O 12. Ne2 Ba6 13. Bxa6 Rxa6 14. O-O e5
15. Qc2 exd4 16. Nexd4 Qa8 17. Nf5 Bd8 18. Rfd1 Bb6 19. Bxb6 Rxb6 20. Rd6
Qb7 21. Rad1 c5 22. R6d2 h6 23. Kh1 Kh8 24. Nd6 Rc6 25. Nc4 Qc7 26. Rd3 Ra8
27. Qd2 Ra7 28. f4 Nxe4 29. Rxd7 Nxd2 30. Rxc7 Rcxc7 31. Rxd2 Re7 32. g3
Re1+ 33. Kg2 Rae7 34. Nbxa5 Rc1 35. b3 Ree1 36. Nb7 g5 37. fxg5 hxg5 38.
Kh3 f5 39. Nbd6 Re3 40. Nxf5 Rxb3 41. Rd8+ Kh7 42. Ncd6 Rd3 43. Kg4 b3 44.
Rd7+ Kg6 45. Rg7+ Kf6 46. Rf7+ Kg6 47. Rg7+ Kf6 48. h4 Rxd6 49. hxg5+ Ke5
50. Nxd6 Kxd6 51. Rb7 Rc4+ 52. Kh5 Rb4 53. Rxb4 cxb4 54. g6 Ke7 55. Kh6 b2
56. g7 Kf7 0-1

[Event "29th ch-BAN"]
[Site "Dhaka BAN"]
[Date "2003.04.02"]
[Round "7"]
[White "Hasan,M"]
[Black "Ahmed,SN"]
[Result "0-1"]
[WhiteElo "2211"]
[BlackElo "2309"]
[EventDate "2003.03.28"]

1. e4 c5 2. Nf3 d6 3. d4 cxd4 4. Nxd4 Nf6 5. Nc3 a6 6. Be2 e6 7. O-O Be7 8.
Be3 O-O 9. f4 Qc7 10. Bf3 Nc6 11. a4 Re8 12. Kh1 Bf8 13. g4 Nxd4 14. Bxd4
e5 15. Bg1 exf4 16. g5 Nd7 17. Nd5 Qd8 18. Qd2 Nc5 19. Qxf4 Bh3 20. Bxc5
dxc5 21. Rfd1 Qb8 22. Qh4 Be6 23. Nf4 Qe5 24. Nd3 Qc7 25. Qf4 Qb6 26. b3
Rad8 27. a5 Qc6 28. c4 Rd4 29. Qe3 Qc7 30. Nf4 Bd6 31. Nxe6 Rxe6 32. Rxd4
cxd4 33. Qg1 Bf4 34. Ra2 Qe5 35. h4 h6 36. gxh6 Rxh6 37. Qg4 g6 38. Rg2 Kh7
39. Qd7 Rxh4+ 40. Kg1 Kg7 41. Qd5 Qf6 42. Kf2 Rh3 43. Ke2 d3+ 44. Qxd3 Qb2+
45. Kf1 Qa1+ 46. Ke2 Qb2+ 47. Kf1 Rh1+ 48. Rg1 Rh2 49. Rg2 Rh1+ 50. Rg1 Bg3
51. Qe2 Qc1+ 52. Qe1 Qe3 0-1

[Event "29th ch-BAN"]
[Site "Dhaka BAN"]
[Date "2003.04.02"]
[Round "7"]
[White "Haque,R"]
[Black "Abdulla,Al"]
[Result "0-1"]
[WhiteElo "2148"]
[BlackElo "2405"]
[EventDate "2003.03.28"]

1. Nf3 d5 2. d3 c6 3. Bg5 f6 4. Bd2 e5 5. e4 Qb6 6. b3 Bc5 7. Qe2 Ne7 8.
Nc3 Ba3 9. d4 exd4 10. Na4 Qd8 11. Nxd4 O-O 12. exd5 Nxd5 13. Ne6 Bxe6 14.
Qxe6+ Kh8 15. Be2 Re8 16. Qg4 b5 17. Nc3 Bb2 18. Nxd5 Bxa1 19. Nf4 Nd7 20.
Nh5 f5 21. Qf3 Ne5 22. Qxf5 g6 23. Qf6+ Qxf6 24. Nxf6 Nf3+ 25. Kd1 Nxd2 26.
Nxe8 Ne4 27. Nc7 Rc8 28. f3 Nf6 29. Kd2 Bd4 30. c3 Bb6 31. Kc2 Nd5 0-1

[Event "29th ch-BAN"]
[Site "Dhaka BAN"]
[Date "2003.04.02"]
[Round "7"]
[White "Rahman,Tai"]
[Black "Hossain,Enam"]
[Result "1/2-1/2"]
[WhiteElo "2300"]
[BlackElo "2451"]
[EventDate "2003.03.28"]

1. d4 d5 2. c4 c6 3. Nc3 Nf6 4. e3 a6 5. Bd3 b5 6. b3 Bg4 7. Nge2 e6 8. O-O
Bh5 9. Bb2 Bd6 10. Rc1 Nbd7 11. f3 Bg6 12. cxd5 cxd5 13. Rf2 O-O 14. Ng3
Qb8 15. Nf1 Rc8 16. Rfc2 Qb7 17. Ne2 Rxc2 18. Rxc2 Bxd3 19. Qxd3 Rc8 20.
Nd2 Rc6 21. Rxc6 Qxc6 22. Qc3 Qxc3 23. Bxc3 Nb8 24. Nc1 1/2-1/2

[Event "29th ch-BAN"]
[Site "Dhaka BAN"]
[Date "2003.04.03"]
[Round "8"]
[White "Islam,Kh"]
[Black "Rahman,Tai"]
[Result "1/2-1/2"]
[WhiteElo "2271"]
[BlackElo "2300"]
[EventDate "2003.03.28"]

1. d4 d5 2. c4 e6 3. Nc3 Be7 4. Bf4 Nf6 5. e3 O-O 6. Nf3 c5 7. dxc5 Bxc5 8.
a3 Be7 9. cxd5 Nxd5 10. Nxd5 exd5 11. Bd3 Bf6 12. O-O Nc6 13. Qc2 g6 14. h3
Qb6 15. Rab1 Be6 16. Qa4 1/2-1/2

[Event "29th ch-BAN"]
[Site "Dhaka BAN"]
[Date "2003.04.03"]
[Round "8"]
[White "Mohammad,J"]
[Black "Ahmed,SN"]
[Result "1/2-1/2"]
[WhiteElo "2100"]
[BlackElo "2309"]
[EventDate "2003.03.28"]

1. e4 c5 2. Nf3 d6 3. d4 cxd4 4. Nxd4 Nf6 5. Nc3 a6 6. Be2 Qc7 7. O-O e6 8.
f4 Be7 9. Kh1 O-O 10. a4 Nc6 11. Be3 Re8 12. Qe1 Nxd4 13. Bxd4 e5 14. fxe5
dxe5 15. Qg3 Bd8 16. Be3 Kh8 17. Rad1 Be6 18. Bg5 Rb8 19. Qh4 Ng8 20. Bg4
Bxg5 21. Qxg5 Bxg4 22. Qxg4 Nf6 23. Qf5 Qc8 24. Qg5 Qe6 25. Rd3 h6 26. Qh4
Nh7 27. Rfd1 Qf6 28. Qh5 Kg8 29. Rd6 Qg5 30. Qf3 Rbd8 31. Rf1 Rf8 32. Rb6
Rd7 33. Nd5 Qd8 34. Qb3 Ng5 35. Rxb7 Nxe4 36. Rxd7 Qxd7 37. Qd3 f5 38. Nb4
Qxd3 39. Nxd3 Nd2 40. Rf2 Ne4 41. Rf1 Nd2 42. Rf2 Nc4 43. b3 Nd6 44. Nxe5
Re8 45. Nd3 g6 46. Kg1 Ne4 47. Re2 Rc8 48. c4 Rd8 49. Re3 Rd4 50. g3 a5 51.
Nf4 Rd1+ 52. Kg2 Kf7 53. Rd3 Rd2+ 54. Rxd2 Nxd2 55. c5 g5 56. c6 Ke7 57.
Nd5+ Kd6 58. c7 Kd7 59. b4 axb4 60. Nxb4 Kxc7 61. Nd5+ Kd6 62. Ne3 f4 63.
gxf4 gxf4 1/2-1/2

[Event "29th ch-BAN"]
[Site "Dhaka BAN"]
[Date "2003.04.03"]
[Round "8"]
[White "Abdulla,Al"]
[Black "Murshed,N"]
[Result "1-0"]
[WhiteElo "2405"]
[BlackElo "2435"]
[EventDate "2003.03.28"]

1. d4 g6 2. c4 Bg7 3. Nf3 d6 4. Bg5 h6 5. Be3 Nf6 6. h3 d5 7. g3 dxc4 8.
Bg2 Nd5 9. Bd2 c5 10. Nc3 cxd4 11. Nxd4 Nxc3 12. Bxc3 O-O 13. O-O Nd7 14.
Qc1 Nb6 15. Rd1 Qc7 16. Qe3 Qc5 17. a4 a5 18. Nc2 Qc7 19. Bd4 Bxd4 20. Nxd4
Qc5 21. Qxh6 Qe5 22. Nf3 Qf6 23. Qe3 Bd7 24. Ne5 Bxa4 25. Rd4 Rfd8 26. Rf4
Qe6 27. Rxf7 Be8 28. Rf4 Nd5 29. Bxd5 Rxd5 30. Re4 Qxh3 31. Rh4 Qe6 32. Qh6
Qxe5 33. Qh7+ Kf8 34. Rf4+ Qxf4 35. Qh8+ Kf7 36. gxf4 b5 37. f3 b4 38. Kf2
Rc8 39. Rh1 c3 40. bxc3 bxc3 41. Qh7+ Kf8 42. Qh8+ Kf7 43. Rh7+ Ke6 44. Qg7
Rc7 45. Qg8+ Kd6 46. Qxe8 Kc5 47. Qxg6 Kb5 48. Qc2 Rd2 49. Qb3+ Ka6 50. Rh8
1-0

[Event "29th ch-BAN"]
[Site "Dhaka BAN"]
[Date "2003.04.03"]
[Round "8"]
[White "Alam,MdM"]
[Black "Haque,R"]
[Result "0-1"]
[WhiteElo "2133"]
[BlackElo "2148"]
[EventDate "2003.03.28"]

1. d4 d6 2. c4 Nf6 3. Nc3 e5 4. dxe5 dxe5 5. Qxd8+ Kxd8 6. Bg5 Nbd7 7.
O-O-O c6 8. Nf3 Kc7 9. a3 Ng4 10. Bh4 f6 11. e3 h5 12. h3 Nh6 13. Bd3 Nc5
14. Bc2 a5 15. Bg3 Nf5 16. Bh2 a4 17. Kb1 Nd6 18. Nd2 Be6 19. f4 exf4 20.
Bxf4 Kb6 21. Bxd6 Bxd6 22. Nde4 Nxe4 23. Nxe4 Be5 24. c5+ Kc7 25. Nf2 Ra5
26. Nd3 Bf5 27. Rhf1 Be4 28. Rf2 Rd8 29. Rfd2 Bxd3 30. Rxd3 Rxd3 31. Bxd3
Rxc5 32. Bf5 Bxb2 33. Rd7+ Kb6 34. e4 Bxa3 35. Rxg7 Rb5+ 36. Ka2 Bc1 37. h4
Rb2+ 38. Ka1 a3 39. Rg6 Kc5 40. g4 hxg4 41. h5 Rh2 42. Bxg4 Bf4 43. Bf3
Be5+ 0-1

[Event "29th ch-BAN"]
[Site "Dhaka BAN"]
[Date "2003.04.03"]
[Round "8"]
[White "Hossain,Enam"]
[Black "Reefat,S"]
[Result "0-1"]
[WhiteElo "2451"]
[BlackElo "2451"]
[EventDate "2003.03.28"]

1. e4 e6 2. d4 d5 3. Nc3 Bb4 4. Nge2 dxe4 5. a3 Be7 6. Nxe4 Nd7 7. N2g3
Ngf6 8. Bd3 O-O 9. O-O b6 10. c4 Bb7 11. Nc3 c5 12. Be3 cxd4 13. Bxd4 Qc7
14. Qe2 Rac8 15. Nb5 Qf4 16. Rfd1 Qh4 17. Nxa7 Rce8 18. b4 e5 19. Bb2 e4
20. Bc2 Bd8 21. Nb5 Ne5 22. Nd6 Nfg4 23. h3 e3 24. Bxe5 exf2+ 25. Kf1 Nxe5
26. Nxb7 Qxg3 27. Qxf2 Qh2 28. Nxd8 Nxc4 29. Rd3 Rxd8 30. Rad1 Rde8 31. Qg3
Qxg3 32. Rxg3 Ne3+ 33. Rxe3 Rxe3 34. a4 g6 35. Rd6 Re6 36. Rd7 Rc8 37. Bd3
Rc1+ 38. Kf2 Ra1 39. Ra7 Kg7 40. a5 bxa5 41. bxa5 Kf6 42. a6 Re7 43. Ra8
Ra2+ 44. Kg1 Rd7 45. Bb5 Rc7 46. Bd3 Rc3 47. Rd8 Rc1+ 48. Kh2 Rd1 49. Rd6+
Ke7 50. Rd4 f5 51. Bc4 Rxd4 52. Bxa2 Ra4 53. Bg8 Rxa6 54. h4 Kf6 55. Kg3
Ra3+ 56. Kf2 f4 57. h5 Kg7 58. Be6 g5 59. Bf5 Rg3 60. Be4 h6 61. Bd5 Kf6
62. Bc6 g4 63. Bd5 Re3 64. Bc4 Kg5 65. Bf7 g3+ 66. Kf1 f3 0-1

[Event "29th ch-BAN"]
[Site "Dhaka BAN"]
[Date "2003.04.04"]
[Round "9"]
[White "Rahman,Tai"]
[Black "Mohammad,J"]
[Result "1-0"]
[WhiteElo "2300"]
[BlackElo "2100"]
[EventDate "2003.03.28"]

1. d4 d5 2. c4 c6 3. Nf3 Nf6 4. Nc3 dxc4 5. a4 Bf5 6. e3 e6 7. Bxc4 Bb4 8.
O-O Nbd7 9. Nh4 Bg6 10. Bd2 Bd6 11. g3 Bh5 12. Qb3 Nb6 13. Bd3 a5 14. e4
Be7 15. Ng2 O-O 16. Nf4 Bg6 17. Be3 Ng4 18. Nxe6 fxe6 19. Qxe6+ Kh8 20.
Qxg4 Qe8 21. Qe2 Nd7 22. e5 Bh5 23. Qc2 Bf3 24. Bxh7 1-0

[Event "29th ch-BAN"]
[Site "Dhaka BAN"]
[Date "2003.04.04"]
[Round "9"]
[White "Reefat,S"]
[Black "Islam,Kh"]
[Result "1-0"]
[WhiteElo "2451"]
[BlackElo "2271"]
[EventDate "2003.03.28"]

1. e4 e6 2. d4 d5 3. Nc3 Nc6 4. Nf3 Bb4 5. e5 b6 6. Bd3 h6 7. O-O Bxc3 8.
bxc3 Nb8 9. c4 dxc4 10. Be4 c6 11. Nd2 Ba6 12. c3 Ne7 13. Bc2 Nd7 14. Ne4
O-O 15. Qg4 Kh8 16. Bg5 1-0

[Event "29th ch-BAN"]
[Site "Dhaka BAN"]
[Date "2003.04.04"]
[Round "9"]
[White "Hasan,M"]
[Black "Abdulla,Al"]
[Result "1/2-1/2"]
[WhiteElo "2211"]
[BlackElo "2405"]
[EventDate "2003.03.28"]

1. e4 c6 2. d4 d5 3. exd5 cxd5 4. c4 Nf6 5. Nc3 e6 6. Nf3 Be7 7. cxd5 Nxd5
8. Bd3 Nc6 9. a3 O-O 10. O-O Bf6 11. Be4 Nce7 12. Qc2 g6 13. Bh6 Bg7 14.
Bg5 Qb6 15. Rfe1 Bd7 16. Ne5 Bc6 17. Bxd5 Nxd5 18. Nxd5 Bxd5 19. Nd7 Qxd4
20. Nxf8 Qg4 21. f4 Rxf8 22. Qe2 Bd4+ 23. Kh1 Qf5 24. Rad1 Bb6 25. Qd3 Qg4
26. Qe2 Qf5 27. Qd3 Qg4 28. Qe2 Qf5 1/2-1/2

[Event "29th ch-BAN"]
[Site "Dhaka BAN"]
[Date "2003.04.05"]
[Round "10"]
[White "Mohammad,J"]
[Black "Hossain,P"]
[Result "0-1"]
[WhiteElo "2100"]
[BlackElo "2217"]
[EventDate "2003.03.28"]

1. e4 c5 2. Nf3 g6 3. d4 cxd4 4. Nxd4 Nc6 5. Nc3 Bg7 6. Be3 Nf6 7. Be2 O-O
8. O-O d5 9. Nxc6 bxc6 10. exd5 cxd5 11. Bd4 Be6 12. a4 Qa5 13. Bf3 Rfd8
14. Nb5 a6 15. Nc3 Rab8 16. Qc1 Rb4 17. Qe3 Ng4 0-1

[Event "29th ch-BAN"]
[Site "Dhaka BAN"]
[Date "2003.04.05"]
[Round "10"]
[White "Abdulla,Al"]
[Black "Ahmed,SN"]
[Result "1-0"]
[WhiteElo "2405"]
[BlackElo "2309"]
[EventDate "2003.03.28"]

1. d4 Nf6 2. c4 e6 3. Nc3 b6 4. Nf3 Bb4 5. Qb3 a5 6. g3 Bb7 7. Bg2 d5 8.
O-O O-O 9. Bf4 Ba6 10. cxd5 exd5 11. Rfe1 c6 12. Ne5 Nh5 13. Bd2 Bb7 14.
Rad1 Nf6 15. a3 Bd6 16. Bg5 b5 17. e4 a4 18. Qc2 Be7 19. exd5 Nxd5 20. Bxe7
Nxe7 21. Nxb5 cxb5 22. Bxb7 Ra7 23. Be4 g6 24. Qc5 Qa5 25. d5 Rc8 26. Qd4
Nd7 27. Ng4 1-0

[Event "29th ch-BAN"]
[Site "Dhaka BAN"]
[Date "2003.04.05"]
[Round "10"]
[White "Alam,MdM"]
[Black "Hasan,M"]
[Result "0-1"]
[WhiteElo "2133"]
[BlackElo "2211"]
[EventDate "2003.03.28"]

1. d4 d5 2. c4 dxc4 3. Qa4+ c6 4. Qxc4 Nf6 5. Nf3 Bf5 6. Nc3 Nbd7 7. Bg5
Qb6 8. Qb3 Qxb3 9. axb3 e6 10. Nd2 Bb4 11. f3 Nd5 12. Rc1 h6 13. Bh4 Ne3
14. Bf2 Nxf1 15. Rxf1 O-O 16. e4 Bg6 17. Ke2 Rfd8 18. Rfd1 e5 19. d5 Bxc3
20. bxc3 cxd5 21. exd5 f5 22. c4 b6 23. Nb1 a5 24. Nc3 Rab8 25. h3 f4 26.
Rd2 Be8 27. Ne4 Nf6 28. Rb2 Nxe4 29. fxe4 Bg6 30. Kd3 Kf7 31. g3 b5 32.
Rbc2 a4 33. bxa4 bxc4+ 34. Rxc4 Rxd5+ 35. Kc3 Rd7 36. gxf4 exf4 37. a5 Re8
38. Re1 Rde7 39. Kd3 Re5 40. Bb6 Rh5 41. Rc7+ Re7 42. Rxe7+ Kxe7 43. a6
Rxh3+ 44. Kd4 Ke6 45. Rc1 Ra3 46. Rc6+ Kf7 47. Rc7+ Ke6 48. Rc6+ Kf7 49. a7
Ra4+ 50. Ke5 Rxe4+ 51. Kd6 Re6+ 52. Kd7 Rxc6 53. a8=Q Bf5+ 54. Kd8 Rc8+ 55.
Qxc8 Bxc8 56. Kxc8 Ke6 57. Kc7 g5 58. Kc6 Ke5 59. Kc5 Ke4 60. Kc4 h5 61.
Kc3 Kf3 62. Kd2 h4 0-1

[Event "29th ch-BAN"]
[Site "Dhaka BAN"]
[Date "2003.04.06"]
[Round "11"]
[White "Rahman,SM"]
[Black "Rahman,Tai"]
[Result "0-1"]
[WhiteElo "2182"]
[BlackElo "2300"]
[EventDate "2003.03.28"]

1. e4 c5 2. Nf3 Nc6 3. d4 cxd4 4. Nxd4 e5 5. Nb5 d6 6. N1c3 a6 7. Na3 b5 8.
Nd5 Nce7 9. c4 Nxd5 10. cxd5 Be7 11. Bd3 Nf6 12. O-O O-O 13. Nc2 g6 14. a4
Bg4 15. Qe1 Bd7 16. axb5 axb5 17. Rxa8 Qxa8 18. f4 exf4 19. Bxf4 Ng4 20.
Qg3 Qb8 21. Ne3 Ne5 22. Bb1 Bf6 23. Bh6 Bg7 24. Nf5 Bxf5 25. Bxg7 Kxg7 26.
exf5 Qb6+ 27. Kh1 f6 28. h4 Qd4 29. fxg6 hxg6 30. Bxg6 Nxg6 31. h5 Qh4+ 32.
Qxh4 Nxh4 33. Rf4 Re8 34. Rxh4 Re5 35. h6+ Kh7 36. Rf4 f5 37. g4 Kxh6 38.
gxf5 Kg5 39. Rb4 Rxd5 40. Kg2 Rxf5 41. Rd4 Kf6 42. Rxd6+ Ke5 43. Rd8 Ke4
44. Rd2 Ke3 45. Rc2 Rd5 46. Kg3 Rd2 47. Rc8 Rxb2 48. Re8+ Kd3 49. Kf3 Rd2
50. Rb8 Kc4 0-1

[Event "29th ch-BAN"]
[Site "Dhaka BAN"]
[Date "2003.04.06"]
[Round "11"]
[White "Haque,R"]
[Black "Islam,Kh"]
[Result "0-1"]
[WhiteElo "2148"]
[BlackElo "2271"]
[EventDate "2003.03.28"]

1. Nf3 d5 2. d3 Nf6 3. Bg5 Nbd7 4. Nbd2 g6 5. e4 c6 6. e5 Ng8 7. Qe2 Bg7 8.
d4 Qb6 9. b3 Nf8 10. c4 Ne6 11. Be3 Bd7 12. h3 h5 13. Qd3 Nh6 14. Ng5 Nxg5
15. Bxg5 Nf5 16. Nf3 dxc4 17. bxc4 c5 18. Rb1 Qc7 19. dxc5 Bc6 20. Be2 Bxe5
21. O-O Bg7 22. Rfe1 O-O 23. Bf1 Rfe8 24. Qe2 e5 25. Be3 Nd4 26. Bxd4 exd4
27. Qd3 Qf4 28. Qd2 Qf6 29. Rxe8+ Rxe8 30. Re1 Rxe1 31. Nxe1 Qf5 32. Qa5 a6
33. Nd3 Kh7 34. Nb4 Be4 35. f3 d3 36. Nd5 Bd4+ 37. Kh1 Bxf3 38. Qe1 Qxh3+
0-1

[Event "29th ch-BAN"]
[Site "Dhaka BAN"]
[Date "2003.04.06"]
[Round "11"]
[White "Murshed,N"]
[Black "Hossain,Enam"]
[Result "1-0"]
[WhiteElo "2435"]
[BlackElo "2451"]
[EventDate "2003.03.28"]

1. d4 e6 2. Nf3 c5 3. g3 b5 4. Bg2 Bb7 5. O-O Nf6 6. Na3 b4 7. Nb5 d5 8.
Ne5 Nbd7 9. Nxd7 Nxd7 10. b3 Be7 11. a3 a5 12. dxc5 Bf6 13. Nd4 Nxc5 14. e3
Ba6 15. Re1 O-O 16. Bb2 Qb6 17. axb4 axb4 18. Qd2 Rac8 19. f3 e5 20. Nf5
Rcd8 21. Qf2 Bc8 22. e4 d4 23. Bf1 Rfe8 24. g4 Be6 25. Bc1 h6 26. Bd2 Rd7
27. Kh1 Rb8 28. h4 Bxf5 29. exf5 Qd8 30. g5 hxg5 31. hxg5 Bxg5 32. Rxe5
Bxd2 33. Qxd2 Rd5 34. Rxd5 Qxd5 35. Qf4 Rd8 36. Bc4 Qb7 37. Rg1 Kf8 38. f6
gxf6 39. Qxf6 Qd7 40. Qg7+ Ke8 41. Qg8+ Ke7 42. Qxf7+ Kd6 43. Qd5+ 1-0

[Event "29th ch-BAN"]
[Site "Dhaka BAN"]
[Date "2003.04.06"]
[Round "11"]
[White "Ahmed,SN"]
[Black "Alam,MdM"]
[Result "1-0"]
[WhiteElo "2309"]
[BlackElo "2133"]
[EventDate "2003.03.28"]

1. b3 d5 2. Bb2 c6 3. e3 Bf5 4. f4 Nf6 5. Nf3 e6 6. Be2 Nbd7 7. O-O Be7 8.
Kh1 Qc7 9. c4 O-O 10. Nc3 Rad8 11. Nh4 dxc4 12. Nxf5 exf5 13. bxc4 Nc5 14.
Qc2 Qd7 15. d4 Nce4 16. Bd3 Rfe8 17. Nxe4 fxe4 18. Be2 Ng4 19. Qb3 b6 20.
a4 Nh6 21. Bc3 Bf6 22. Rab1 Qc7 23. Be1 Kh8 24. Bf2 Qe7 25. a5 Rb8 26. Qa4
Qc7 27. g4 Be7 28. Bg3 f5 29. g5 Nf7 30. Bh5 g6 31. Be2 h6 32. h4 hxg5 33.
hxg5 Nxg5 34. Kg2 Nf7 35. Be1 Kg7 36. Bc3 Bf6 37. Qa1 Qe7 38. Rh1 Rh8 39.
Rxh8 Nxh8 40. axb6 axb6 41. c5 b5 42. d5 Rc8 43. Qa6 Qd7 44. Bxf6+ Kxf6 45.
Qa1+ Kf7 46. Rh1 Qxd5 47. Rh7+ Ke6 48. Qg7 Qd8 49. Qe5+ 1-0

[Event "29th ch-BAN"]
[Site "Dhaka BAN"]
[Date "2003.04.06"]
[Round "11"]
[White "Hossain,P"]
[Black "Abdulla,Al"]
[Result "0-1"]
[WhiteElo "2217"]
[BlackElo "2405"]
[EventDate "2003.03.28"]

1. e4 c6 2. d4 d5 3. e5 Bf5 4. Nc3 Qb6 5. h4 h5 6. Nge2 e6 7. Ng3 Bg6 8.
Be2 c5 9. Na4 Qa5+ 10. c3 cxd4 11. b4 Qc7 12. Qxd4 Nc6 13. Bb5 Nge7 14. Bf4
a6 15. Bxc6+ Nxc6 16. Qb6 Rc8 17. a3 Be7 18. Ne2 O-O 19. Qxc7 Rxc7 20. Kd2
Rd8 21. Ke3 Na7 22. g3 Rc4 23. Nb2 Rcc8 24. Rhc1 Nb5 25. Nd1 Rc4 26. Kd2 f6
27. Ne3 Rcc8 28. Nd4 Kf7 29. Nxb5 axb5 30. Nc2 Bxc2 31. Kxc2 Kg6 32. Kd3
Kf5 33. exf6 Bxf6 34. a4 d4 35. axb5 dxc3+ 36. Kc2 Rd4 37. Rcb1 Rcc4 38.
Be3 Re4 39. Ra7 Rc7 40. b6 Rf7 41. Ra5+ Kg4 42. Rc5 Be5 43. Re1 Kf3 44. Rd1
Ke2 45. Rd8 Re7 46. Rdc8 Rd7 47. Rc4 Rxc4 48. Rxc4 Kf3 49. Bf4 Bd4 50. Rc7
Rd5 51. Rxb7 Rb5 52. Rf7 Ke2 53. b7 e5 54. Be3 Rxb4 55. Bxd4 exd4 56. Re7+
Kxf2 57. Rxg7 Ke2 58. Re7+ Kf3 59. Rg7 Rb2+ 60. Kd3 Rd2+ 61. Kc4 c2 62.
b8=Q c1=Q 63. Kd5 Rb2 64. Rb7 Rxb7 65. Qxb7 Qe3 66. Qf7+ Kg2 67. Kc4 Qc3+
68. Kb5 d3 69. Qd5+ Kh2 70. Qf3 Qc2 71. Qxh5 Qe2 0-1

[Event "29th ch-BAN"]
[Site "Dhaka BAN"]
[Date "2003.04.07"]
[Round "12"]
[White "Hossain,Enam"]
[Black "Hasan,M"]
[Result "1-0"]
[WhiteElo "2451"]
[BlackElo "2211"]
[EventDate "2003.03.28"]

1. e4 c5 2. Nf3 Nc6 3. d4 cxd4 4. Nxd4 Qc7 5. Nc3 e6 6. Be2 a6 7. Be3 Nf6
8. O-O Be7 9. f4 d6 10. Kh1 O-O 11. Qe1 Nxd4 12. Bxd4 b5 13. a3 Bb7 14. Qg3
Bc6 15. Rae1 Qb7 16. Bd3 Rad8 17. Qh3 Ne8 18. Nd5 h6 19. Nxe7+ Qxe7 20. Qg3
f6 21. c4 e5 22. Bc3 Qb7 23. Bb4 Rf7 24. Rf2 Qb6 25. cxb5 axb5 26. Bb1 Re7
27. Bc3 Kh8 28. Rd2 Red7 29. Red1 Nc7 30. Qh3 exf4 31. Qf5 Kg8 32. Qxf4 Ne8
33. Qf5 Qb7 34. Rf1 Qc8 35. e5 dxe5 36. Qh7+ Kf7 37. Bg6+ Ke6 38. Qg8+ 1-0

[Event "29th ch-BAN"]
[Site "Dhaka BAN"]
[Date "2003.04.07"]
[Round "12"]
[White "Mohammad,J"]
[Black "Abdulla,Al"]
[Result "0-1"]
[WhiteElo "2100"]
[BlackElo "2405"]
[EventDate "2003.03.28"]

1. e4 c6 2. d4 d5 3. exd5 cxd5 4. c4 Nf6 5. Nc3 e6 6. Nf3 Be7 7. cxd5 Nxd5
8. Bd3 Nc6 9. O-O O-O 10. a3 Bf6 11. Ne4 Bxd4 12. Nfg5 f5 13. Qh5 h6 14.
Nxe6 Bxe6 15. Bxh6 fxe4 16. Bxe4 Nf6 17. Qg6 Nxe4 18. Qxe6+ Rf7 19. Qxe4
gxh6 20. Rad1 Qf6 21. b4 Rd8 0-1

[Event "29th ch-BAN"]
[Site "Dhaka BAN"]
[Date "2003.04.07"]
[Round "12"]
[White "Islam,Kh"]
[Black "Murshed,N"]
[Result "1/2-1/2"]
[WhiteElo "2271"]
[BlackElo "2435"]
[EventDate "2003.03.28"]

1. d4 d6 2. c4 g6 3. Nc3 Bg7 4. Nf3 Nc6 5. e4 e5 6. dxe5 Nxe5 7. Nxe5 Bxe5
8. Be3 Ne7 9. Bd4 Nc6 10. Bxe5 dxe5 11. Qxd8+ Nxd8 12. Nd5 Ne6 13. Nf6+ Ke7
14. Nd5+ Kf8 15. O-O-O c6 16. Ne3 Ke7 17. Be2 Nc5 18. f3 a5 19. b3 Be6 20.
Rd2 Rhd8 21. Rxd8 Rxd8 22. Rd1 Rg8 23. Kb2 f5 24. exf5 gxf5 25. Bf1 f4 26.
Nc2 Bf5 27. Ne1 Ne6 28. Rd2 Nd4 29. Bd3 Kf6 30. Bxf5 Nxf5 31. Rd7 Rg7 32.
Rxg7 Nxg7 33. Kc3 Ne6 34. Nd3 Kf5 35. Nf2 Nc5 36. Nd3 Nd7 37. Nf2 Nf6 38.
Kd3 h5 39. h3 Kg5 40. Ne4+ Nxe4 41. Kxe4 Kf6 42. h4 Ke6 43. Kd3 Kf5 44. Ke2
b5 45. cxb5 cxb5 46. a4 bxa4 47. bxa4 Ke6 48. Kd2 Kd6 49. Kc2 Kd5 50. Kd3
Kd6 51. Kc2 Kc5 52. Kc3 Kd6 53. Kd2 Ke6 54. Kc3 Kd7 55. Kd3 Kd6 56. Kd2 Kd5
57. Kd3 e4+ 58. fxe4+ Ke5 59. Kd2 Kxe4 60. Ke2 Kd4 61. Kf2 Ke5 62. Ke2 Ke4
63. Kf2 1/2-1/2

[Event "29th ch-BAN"]
[Site "Dhaka BAN"]
[Date "2003.04.07"]
[Round "12"]
[White "Reefat,S"]
[Black "Rahman,SM"]
[Result "1-0"]
[WhiteElo "2451"]
[BlackElo "2182"]
[EventDate "2003.03.28"]

1. e4 c5 2. b3 Nf6 3. e5 Nd5 4. Nf3 Nc6 5. Bb2 e6 6. g3 Nde7 7. Bg2 Nf5 8.
h4 h5 9. Nc3 Qc7 10. Ne4 Ncd4 11. O-O Rb8 12. Re1 b6 13. Nfg5 Bb7 14. c3
Nc6 15. d4 cxd4 16. cxd4 Nb4 17. Rc1 Qd8 18. Nc3 Be7 19. Bxb7 Bxg5 20. hxg5
Rxb7 21. d5 Qxg5 22. Ne4 Qd8 23. Nd6+ Nxd6 24. exd6 a5 25. a3 Na6 26. Bxg7
Rh7 27. Bf6 1-0

[Event "29th ch-BAN"]
[Site "Dhaka BAN"]
[Date "2003.04.08"]
[Round "13"]
[White "Rahman,SM"]
[Black "Mohammad,J"]
[Result "1/2-1/2"]
[WhiteElo "2182"]
[BlackElo "2100"]
[EventDate "2003.03.28"]

1. e4 c5 2. Nf3 Nc6 3. Bb5 g6 4. O-O Bg7 5. c3 a6 6. Bxc6 bxc6 7. d3 Nf6 8.
h3 O-O 9. Re1 d6 10. Na3 Nd7 11. Bg5 Rb8 12. Rb1 Nb6 13. Nd2 Be6 14. Ra1
Qd7 15. Qc2 h6 16. Be3 f5 17. f4 Kh7 18. Rad1 Bh8 19. Nf3 c4 20. Bxb6 Rxb6
21. Nxc4 Bxc4 22. dxc4 fxe4 23. Rxe4 d5 24. c5 Rb5 25. Qe2 Rf7 26. Ne5 Qe6
27. Ra4 Rxc5 28. Re1 Bxe5 29. Qxe5 Qxe5 30. Rxe5 a5 31. g3 Rb5 32. b3 Rc5
33. c4 Kg7 34. Kf2 g5 35. Ke3 gxf4+ 36. gxf4 d4+ 37. Kxd4 Rxe5 38. Kxe5 Kg6
39. a3 Rf5+ 40. Ke4 Rc5 41. Kd4 Rf5 42. Ke4 Rc5 43. Kd4 Rf5 44. Ke3 Rh5 45.
Ke4 Rf5 46. Ke3 Rh5 47. Ke4 Rf5 1/2-1/2